[Event "12. Lichtenberger Sommer"]
[Site "Berlin"]
[Date "2013.08.23"]
[Round "7.79"]
[White "Sidabras, Jonas"]
[Black "Georgi, David"]
[Result "0-1"]
[WhiteElo "1687"]
[BlackElo "1696"]
[PlyCount "116"]
[EventDate "2013.??.??"]
[WhiteTeam "SC Kreuzberg e.V."]
[BlackTeam "BSG Pneumant Fürstenwalde e.V."]

1. d4 d5 2. c4 e6 3. cxd5 exd5 4. Nc3 Nf6 5. Bg5 Nbd7 6. e3 Be7 7. Qc2 Nf8 8.
Bb5+ c6 9. Bd3 Ne6 10. Bh4 Nh5 11. Bxe7 Qxe7 12. Nge2 Bd7 13. O-O-O Nf6 14. Kb1
O-O-O 15. Nc1 Kb8 16. Nb3 c5 17. dxc5 Rc8 18. Bb5 Bxb5 19. Nxb5 Nxc5 20. Nxc5
Rxc5 21. Nc3 Rhc8 22. Qb3 Qe6 23. Rd4 Qf5+ 24. Qc2 Ne4 25. Ka1 Qe5 26. f4 Qe6
27. Rc1 Nxc3 28. bxc3 Qxe3 29. Qd2 Qxd2 30. Rxd2 Rxc3 31. Rxc3 Rxc3 32. Rxd5
Rc1+ 33. Kb2 Rf1 34. Rg5 g6 35. h4 Rxf4 36. h5 Rf5 37. Rxf5 gxf5 38. Kc3 Kc7
39. Kc4 Kd6 40. a4 Ke5 41. a5 f4 42. h6 Ke4 43. Kc5 b6+ 44. axb6 axb6+ 45. Kxb6
f3 46. gxf3+ Kxf3 47. Kc6 f5 48. Kd6 Kg4 49. Ke6 Kg5 50. Ke5 f4 51. Ke4 Kg4 52.
Ke5 f3 53. Kf6 f2 54. Kg7 f1=Q 55. Kxh7 Qf8 56. Kg6 Qh8 57. h7 Kf4 58. Kh6 Kf5
0-1

[Event "12. Lichtenberger Sommer"]
[Site "Berlin"]
[Date "2013.08.23"]
[Round "7.80"]
[White "Casny, Guenter"]
[Black "Knauer, Frank"]
[Result "1/2-1/2"]
[WhiteElo "1835"]
[BlackElo "1846"]
[PlyCount "110"]
[EventDate "2013.??.??"]
[WhiteTeam "SC Rochade e.V."]
[BlackTeam "FC ST.Pauli 1910 eV SAbt"]

1. e4 d6 2. g3 g6 3. Bg2 Bg7 4. d3 Nf6 5. c3 e5 6. Ne2 c6 7. O-O Nbd7 8. a4 a5
9. Na3 O-O 10. Qc2 d5 11. Bd2 b6 12. Rad1 Ba6 13. c4 Rc8 14. Bg5 h6 15. Bxf6
Nxf6 16. h3 Qe7 17. Qb3 dxe4 18. dxe4 Qc7 19. Rd2 Rfd8 20. Rfd1 Rxd2 21. Rxd2
Rd8 22. Nb1 Bf8 23. Nec3 Bc5 24. Bf1 Rd4 25. Qd1 Qd6 26. b3 Bb4 27. Qc2 Bc8 28.
Bg2 Bb7 29. Re2 Nd7 30. Kh2 Rd3 31. Rd2 Rxd2 32. Nxd2 Qd4 33. Ndb1 Kg7 34. Nd1
Nc5 35. Nb2 Bc8 36. Kg1 f5 37. Kh2 fxe4 38. Nd1 Be6 39. Nbc3 Bf5 40. g4 Bd7 41.
Nxe4 Ne6 42. Ne3 Nf4 43. Bf1 c5 44. Ng3 Kf7 45. h4 Bd2 46. h5 Bxe3 47. hxg6+
Kg7 48. Nf5+ Bxf5 49. Qxf5 Nxg6 50. fxe3 Qd2+ 51. Kh1 Qxe3 52. Qd7+ Kf6 53.
Qf5+ Kg7 54. Qd7+ Kf6 55. Qf5+ Kg7 1/2-1/2

[Event "12. Lichtenberger Sommer"]
[Site "Berlin"]
[Date "2013.08.23"]
[Round "7.81"]
[White "Zenkner, Christian"]
[Black "Schönemann, Manfred"]
[Result "1-0"]
[WhiteElo "1909"]
[BlackElo "1783"]
[PlyCount "85"]
[EventDate "2013.??.??"]
[WhiteTeam "SV Bad Bentheim"]
[BlackTeam "SV Turbine Berlin e.V."]

1. d4 Nf6 2. Nc3 d5 3. e4 dxe4 4. f3 Bf5 5. fxe4 Nxe4 6. Qf3 Nxc3 7. bxc3 Qc8
8. Qf2 g6 9. Nf3 Bg7 10. Bc4 O-O 11. O-O Nc6 12. Nh4 Na5 13. Nxf5 Qxf5 14. Qe2
Qd7 15. Ba3 Bxd4+ 16. Kh1 Bxc3 17. Rad1 Qc6 18. Bd5 Qa6 19. Qxa6 bxa6 20. Bxa8
Rxa8 21. Bxe7 Re8 22. Rd8 Rxd8 23. Bxd8 Be5 24. Re1 Bd6 25. Be7 Nc6 26. Bxd6
cxd6 27. c3 Kf8 28. Rb1 Ke7 29. Rb7+ Ke6 30. Rc7 Ne5 31. Rxa7 Kd5 32. Rxa6 Kc5
33. a4 h5 34. Ra8 Kb6 35. Rb8+ Ka5 36. Rb4 Nd3 37. Rd4 Nc5 38. Rxd6 Nxa4 39.
Rf6 Nxc3 40. Rxf7 Ne4 41. Rb7 h4 42. Kg1 g5 43. Re7 1-0

[Event "12. Lichtenberger Sommer"]
[Site "Berlin"]
[Date "2013.08.23"]
[Round "7.82"]
[White "Bergmann, Jens"]
[Black "Weiß, Daniel"]
[Result "0-1"]
[WhiteElo "1920"]
[BlackElo "1758"]
[PlyCount "80"]
[EventDate "2013.??.??"]
[WhiteTeam "SK Tempelhof 1931 e.V."]
[BlackTeam "Sfr.Nord-Ost Berlin"]

1. e4 c6 2. e5 d5 3. exd6 exd6 4. d4 d5 5. Nf3 Nf6 6. Bd3 Bd6 7. O-O O-O 8. Re1
Bg4 9. h3 Bh5 10. Bg5 Nbd7 11. Nbd2 Qc7 12. c3 Rfe8 13. Qc2 Bf4 14. Bxf4 Qxf4
15. g3 Qd6 16. Nh4 Bg6 17. Nxg6 hxg6 18. Nf3 Rxe1+ 19. Rxe1 Re8 20. Rxe8+ Nxe8
21. Qa4 a6 22. c4 dxc4 23. Qxc4 b5 24. Qb3 c5 25. Qc3 c4 26. Bf1 Nef6 27. Qe3
Nd5 28. Qe8+ Nf8 29. Bg2 c3 30. bxc3 Nxc3 31. h4 Qe6 32. Qd8 Qxa2 33. Ne5 Qb1+
34. Kh2 Ne2 35. Nd7 Qb4 36. d5 Qd6 37. Qxf8+ Qxf8 38. Nxf8 Kxf8 39. d6 Nd4 40.
Bd5 b4 0-1

[Event "12. Lichtenberger Sommer"]
[Site "Berlin"]
[Date "2013.08.23"]
[Round "7.83"]
[White "Weishäutel, Moritz"]
[Black "Korell, Klaus-Peter"]
[Result "0-1"]
[WhiteElo "1680"]
[BlackElo "1960"]
[PlyCount "114"]
[EventDate "2013.??.??"]
[WhiteTeam "SV Empor Erfurt"]
[BlackTeam "SG TT/Wiheil"]

1. e4 e6 2. d4 d5 3. e5 c5 4. c3 Nc6 5. Nf3 Bd7 6. a3 Qb6 7. b4 cxd4 8. cxd4
Nge7 9. Nc3 Nf5 10. Be3 Nxe3 11. fxe3 g6 12. Na4 Qd8 13. Nc5 Bxc5 14. bxc5 Qa5+
15. Qd2 b6 16. Qxa5 Nxa5 17. cxb6 axb6 18. Rb1 Rb8 19. Bd3 Nc4 20. Bxc4 dxc4
21. O-O O-O 22. Nd2 Rfc8 23. Ne4 Ba4 24. Nd6 Rc7 25. Rb4 b5 26. Rfb1 c3 27. Rc1
c2 28. Ne4 Rbc8 29. Nc5 Rxc5 30. dxc5 Rxc5 31. Kf2 Rxe5 32. Rxa4 bxa4 33. Rxc2
Kg7 34. Rc4 Ra5 35. Kf3 g5 36. g4 Kg6 37. e4 h5 38. h3 h4 39. Rb4 Kf6 40. Rc4
Ke5 41. Rb4 Rc5 42. Rxa4 Rc3+ 43. Kg2 Kf4 44. Ra7 Rc2+ 45. Kf1 Kg3 46. Rxf7
Kxh3 47. a4 Ra2 48. Re7 Rxa4 49. Rxe6 Kxg4 50. e5 h3 51. Rh6 Kg3 52. e6 Re4 53.
Rh5 g4 54. Rh6 h2 55. Rh5 Rxe6 56. Rh8 Rf6+ 57. Ke2 Kg2 0-1

[Event "12. Lichtenberger Sommer"]
[Site "Berlin"]
[Date "2013.08.23"]
[Round "7.84"]
[White "Adelberger, Georg"]
[Black "Korb, Viktor"]
[Result "1-0"]
[WhiteElo "1924"]
[BlackElo "1691"]
[PlyCount "75"]
[EventDate "2013.??.??"]
[WhiteTeam "SC Kreuzberg e.V."]
[BlackTeam "SF Siemensstadt"]

1. d4 Nf6 2. Nf3 d5 3. e3 e6 4. Bd3 c5 5. b3 a6 6. Bb2 b5 7. dxc5 Bxc5 8. O-O
O-O 9. Nbd2 Bb7 10. Qe2 Nc6 11. a4 bxa4 12. Rxa4 Nb4 13. Ne5 Nxd3 14. Qxd3 Qb6
15. Ndf3 Qb5 16. Qd1 Ne4 17. Nd4 Bxd4 18. Bxd4 f6 19. Nd3 Rac8 20. Rb4 Qc6 21.
Rb6 Qd7 22. f3 Nc3 23. Qd2 Qc7 24. Rxe6 Nb5 25. Nc5 Qf7 26. Rb6 Bc6 27. Nxa6
Nxd4 28. Qxd4 Qg6 29. Nb4 Qe8 30. Nxc6 Qd7 31. Qxd5+ Qxd5 32. Ne7+ Kf7 33. Nxd5
Rxc2 34. Rb7+ Kg6 35. Nf4+ Kh6 36. h4 g5 37. hxg5+ fxg5 38. Rb6+ 1-0

[Event "12. Lichtenberger Sommer"]
[Site "Berlin"]
[Date "2013.08.23"]
[Round "7.85"]
[White "Grassi, Fabrizio"]
[Black "Baumgaertner, Andre"]
[Result "1-0"]
[WhiteElo "1957"]
[BlackElo "1348"]
[PlyCount "27"]
[EventDate "2013.??.??"]
[WhiteTeam "SV Berlin-Friedrichstadt"]
[BlackTeam "SC Friesen Lichtenberg e.V."]

1. d4 d5 2. Bf4 Nf6 3. e3 e6 4. Nd2 Nbd7 5. Bd3 c5 6. c3 b6 7. Ngf3 Nh5 8. Be5
Nxe5 9. Nxe5 Nf6 10. Ndf3 h6 11. Bb5+ Bd7 12. Nxd7 Nxd7 13. Ne5 Ke7 14. Nc6+
1-0

[Event "12. Lichtenberger Sommer"]
[Site "Berlin"]
[Date "2013.08.23"]
[Round "7.86"]
[White "Revinelli, Sergio"]
[Black "Dietzel, Uwe"]
[Result "1-0"]
[WhiteElo "1829"]
[BlackElo "1708"]
[PlyCount "83"]
[EventDate "2013.??.??"]
[WhiteTeam "C.S. Veduggio"]
[BlackTeam "TSV Lichtentanne SAbt"]

1. e4 e5 2. Nf3 Nf6 3. d4 Nxe4 4. Bd3 d5 5. dxe5 Be7 6. O-O O-O 7. Re1 Nc5 8.
Be2 Bf5 9. Bf4 Ne6 10. Bg3 c6 11. Nbd2 Nd7 12. Nf1 Nec5 13. Nd4 Bg6 14. f4 Be4
15. Nd2 Re8 16. Bf3 Bxf3 17. Qxf3 Ne6 18. N2b3 Nxd4 19. Nxd4 Bc5 20. Bf2 Qb6
21. c3 a5 22. Re2 Nf8 23. Nf5 Bxf2+ 24. Rxf2 Ng6 25. Kh1 Re6 26. Nd4 Ree8 27.
Re2 Qd8 28. Rae1 Nf8 29. Qg4 Qd7 30. f5 Ra7 31. Qf4 b6 32. g4 c5 33. Nf3 Raa8
34. Ng5 Qc6 35. Kg1 Nd7 36. e6 fxe6 37. Rxe6 Rxe6 38. Rxe6 Qb5 39. Qe3 Nf6 40.
Re7 Re8 41. Qe6+ Kh8 42. Nf7+ 1-0

[Event "12. Lichtenberger Sommer"]
[Site "Berlin"]
[Date "2013.08.23"]
[Round "7.87"]
[White "Schubert, Joachim"]
[Black "Scholta, Danilo"]
[Result "1-0"]
[WhiteElo "1814"]
[BlackElo "1584"]
[PlyCount "76"]
[EventDate "2013.??.??"]
[WhiteTeam "SC Friesen Lichtenberg e.V."]
[BlackTeam "SV Empor Berlin e.V."]

1. e4 d5 2. exd5 Nf6 3. c4 c6 4. dxc6 Nxc6 5. Nc3 e5 6. d3 e4 7. Bg5 Bb4 8. Rc1
Qd4 9. Be3 Qd8 10. a3 Bxc3+ 11. Rxc3 Ng4 12. dxe4 Qf6 13. Qc1 O-O 14. f3 Nge5
15. Ne2 Qh4+ 16. Bf2 Qf6 17. Nf4 Be6 18. Nd5 Qg6 19. b4 Bxd5 20. cxd5 Ne7 21.
Bg3 f6 22. Bb5 a6 23. Ba4 b5 24. Bb3 Kh8 25. O-O h5 26. Qe3 h4 27. Bxh4 Qh5 28.
Bg3 g5 29. Bxe5 fxe5 30. Rc7 Ng6 31. g3 Nf4 32. gxf4 gxf4 33. Qf2 Rg8+ 34. Kh1
Rg6 35. Rg1 Rag8 36. Rxg6 Rxg6 37. Rc1 Rg3 38. Bd1 Qh3 1-0

[Event "12. Lichtenberger Sommer"]
[Site "Berlin"]
[Date "2013.08.23"]
[Round "7.88"]
[White "Schmitt, Jens-Ole"]
[Black "Roth, Joachim"]
[Result "0-1"]
[WhiteElo "1676"]
[BlackElo "1923"]
[PlyCount "58"]
[EventDate "2013.??.??"]
[WhiteTeam "SG Narva Berlin e.V."]
[BlackTeam "SG Bund"]

1. e4 Nf6 2. e5 Nd5 3. d4 d6 4. c4 Nb6 5. exd6 cxd6 6. Nc3 g6 7. Be3 Bg7 8. Rc1
O-O 9. b3 Nc6 10. d5 Ne5 11. Be2 a5 12. f4 Ned7 13. Nf3 Nc5 14. Bd4 Bh6 15. Qd2
Nbd7 16. g4 e5 17. dxe6 Nxe6 18. g5 Nxd4 19. Qxd4 Bg7 20. Qxd6 Re8 21. Nd4 Ra6
22. Qd5 Qe7 23. Ncb5 Nc5 24. Qf3 Ne4 25. Rd1 Qb4+ 26. Kf1 Bxd4 27. Rxd4 Nd2+
28. Rxd2 Qxd2 29. Nc7 Re3 0-1

[Event "12. Lichtenberger Sommer"]
[Site "Berlin"]
[Date "2013.08.23"]
[Round "7.90"]
[White "Schweitzer, Paul"]
[Black "Lieder, Günter"]
[Result "0-1"]
[WhiteElo "1724"]
[BlackElo "1884"]
[PlyCount "120"]
[EventDate "2013.??.??"]
[WhiteTeam "SV Königsjäger Süd-West e.V."]
[BlackTeam "SK Turm Bad Hersfeld"]

1. Nf3 c5 2. d4 cxd4 3. Nxd4 Nf6 4. Nc3 a6 5. e3 e6 6. Bd3 d5 7. O-O Bd6 8. f4
Nc6 9. a4 O-O 10. Kh1 Bd7 11. Rg1 Qc7 12. g3 Ne7 13. Nf3 Bc6 14. Nd4 Bc5 15.
Nce2 Ba7 16. c3 Rac8 17. Rg2 Rfd8 18. Nxc6 Nxc6 19. Nd4 Ne7 20. Bd2 Rb8 21. Be1
Nc8 22. g4 Nd6 23. g5 Nfe4 24. Qf3 Bxd4 25. exd4 Rf8 26. h4 f6 27. Qh3 f5 28.
Bg3 g6 29. Bh2 Nc4 30. Rd1 b5 31. Bxc4 bxc4 32. h5 Qb7 33. hxg6 hxg6 34. Qh6
Qg7 35. Rf1 Kf7 36. Qxg7+ Kxg7 37. a5 Rb5 38. Ra1 Rfb8 39. Ra2 Rh8 40. Kg1 Rh3
41. Ra4 Rd3 42. Re2 Kf7 43. Kf1 Nd2+ 44. Kf2 Nb3 45. Rb4 Rxb4 46. cxb4 Nxd4 47.
Bg1 Nxe2 48. Kxe2 Rb3 49. Bc5 Rxb2+ 50. Ke3 Rb3+ 51. Kd4 Rd3+ 52. Ke5 c3 53. b5
axb5 54. a6 Rd1 55. a7 Ra1 56. Bd4 b4 57. Kd6 Ra2 58. Kc5 c2 59. Kxb4 c1=Q 60.
Bb6 Rxa7 0-1

[Event "12. Lichtenberger Sommer"]
[Site "Berlin"]
[Date "2013.08.23"]
[Round "7.92"]
[White "Theilig, Reinhard"]
[Black "Napoli, Ferdinando"]
[Result "0-1"]
[WhiteElo "1713"]
[BlackElo "1732"]
[PlyCount "104"]
[EventDate "2013.??.??"]
[WhiteTeam "VfB Hermsdorf e.V."]
[BlackTeam "C.S. Scacco Matto Como"]

1. Nf3 d6 2. d4 Nf6 3. c4 g6 4. Nc3 Bg7 5. g3 c6 6. Bg2 O-O 7. O-O Qa5 8. e3
Na6 9. Bd2 Qh5 10. Ne2 Bg4 11. Nf4 Qf5 12. h3 Bxf3 13. Bxf3 Rad8 14. Bg2 e5 15.
Ne2 e4 16. a3 Nc7 17. Qa4 a6 18. Qa5 Qc8 19. Rac1 Rfe8 20. Nc3 Ne6 21. Nxe4
Nxe4 22. Bxe4 Nxd4 23. exd4 Rxe4 24. Kg2 Rxd4 25. Be3 Re4 26. Qd2 Qe6 27. b3 d5
28. Qa5 Rd7 29. cxd5 Qxd5 30. Qxd5 Rxd5 31. Rfd1 Bd4 32. Rc4 Bxe3 33. Rxe4 Rxd1
34. Rxe3 Rd5 35. Re7 Rb5 36. Re3 Kf8 37. a4 Rd5 38. Kf3 f6 39. Ke2 Re5 40. Kd3
Rxe3+ 41. Kxe3 Ke7 42. Kd4 Kd6 43. b4 b6 44. f3 h5 45. h4 f5 46. f4 c5+ 47.
bxc5+ bxc5+ 48. Kc4 Kc6 49. a5 Kd6 50. Kc3 Kd5 51. Kd3 c4+ 52. Kc2 Kc5 0-1

[Event "12. Lichtenberger Sommer"]
[Site "Berlin"]
[Date "2013.08.23"]
[Round "7.93"]
[White "Toth, Hans-Jürgen"]
[Black "Matitschka, Heinz"]
[Result "0-1"]
[WhiteElo "1641"]
[BlackElo "1774"]
[PlyCount "150"]
[EventDate "2013.??.??"]
[WhiteTeam "Schachfreunde Zehdenick 76 e.V."]
[BlackTeam "TSG Oberschöneweide e.V."]

1. f4 d5 2. Nf3 Nf6 3. e3 c5 4. b3 Nc6 5. Bb5 Qb6 6. a4 Bd7 7. Bb2 a6 8. Bxc6
Bxc6 9. Ne5 e6 10. O-O Be7 11. d3 Rd8 12. Nd2 O-O 13. Ng4 d4 14. e4 Nxg4 15.
Qxg4 f5 16. exf5 exf5 17. Qe2 Rde8 18. Nc4 Qd8 19. Ne5 Bf6 20. Rae1 Bh4 21. g3
Qd5 22. Qf3 Qxf3 23. Nxf3 Bxf3 24. Rxe8 Rxe8 25. Rxf3 Bd8 26. Kf1 Ba5 27. Rf2
Re1+ 28. Kg2 Bc7 29. Rf1 Re2+ 30. Rf2 Re6 31. h3 Kf7 32. Kf1 Re3 33. Kg2 Kf6
34. Rf3 Re2+ 35. Rf2 Re1 36. Rf1 Re8 37. Bc1 Ba5 38. Kf3 Bb4 39. Rf2 Be1 40.
Rg2 Bb4 41. Bd2 Bxd2 42. Rxd2 b5 43. Re2 Rxe2 44. Kxe2 Ke6 45. Kd2 h5 46. c3
dxc3+ 47. Kxc3 Kd5 48. a5 b4+ 49. Kc2 Kc6 50. Kd2 Kb5 51. d4 cxd4 52. Kd3 Kc5
53. Kd2 Kd6 54. Kc2 Kc5 55. Kd2 Kb5 56. Kd3 Kxa5 57. Kxd4 Kb5 58. Ke5 a5 59.
Kxf5 a4 60. bxa4+ Kxa4 61. Kg6 b3 62. Kxg7 b2 63. g4 hxg4 64. hxg4 b1=Q 65. Kf6
Qb6+ 66. Kg5 Qd8+ 67. Kf5 Qf8+ 68. Kg5 Kb5 69. f5 Qg7+ 70. Kf4 Kc5 71. g5 Kd4
72. g6 Qf6 73. Kg4 Ke4 74. Kh5 Kxf5 75. g7 Qg5# 0-1

[Event "12. Lichtenberger Sommer"]
[Site "Berlin"]
[Date "2013.08.23"]
[Round "7.94"]
[White "Mueller, Johannes"]
[Black "Dittrich, Tom"]
[Result "1/2-1/2"]
[WhiteElo "1835"]
[BlackElo "1648"]
[PlyCount "79"]
[EventDate "2013.??.??"]
[WhiteTeam "SC Friesen Lichtenberg e.V."]
[BlackTeam "SG Blau-Weiß Stadtilm"]

1. e4 c5 2. Nc3 d6 3. g3 Nc6 4. Bg2 g6 5. d3 Bg7 6. Nge2 e6 7. O-O Nge7 8. h3
O-O 9. f4 d5 10. a3 b6 11. g4 dxe4 12. dxe4 Ba6 13. Qe1 Nd4 14. Nxd4 Bxd4+ 15.
Be3 Bxe3+ 16. Qxe3 Bxf1 17. Kxf1 a6 18. g5 Qc7 19. h4 Rad8 20. Re1 f6 21. Bh3
fxg5 22. Bxe6+ Kh8 23. Ne2 Rxf4+ 24. Nxf4 Qxf4+ 25. Qxf4 gxf4 26. Ke2 Nc6 27.
c3 Ne5 28. Bd5 Kg7 29. Rg1 Kf6 30. Rf1 f3+ 31. Ke3 h6 32. Rg1 g5 33. hxg5+ hxg5
34. Rh1 Kg6 35. b4 Rf8 36. bxc5 bxc5 37. Be6 g4 38. Bf5+ Kg5 39. Rh7 Rf7 40.
Rh8 1/2-1/2

[Event "12. Lichtenberger Sommer"]
[Site "Berlin"]
[Date "2013.08.23"]
[Round "7.95"]
[White "Acikel, Mert"]
[Black "Mildenberger, Hans"]
[Result "0-1"]
[WhiteElo "1741"]
[BlackElo "1622"]
[PlyCount "102"]
[EventDate "2013.??.??"]
[WhiteTeam "VfB Hermsdorf e.V."]
[BlackTeam "SG BVG Helmholtz 55"]

1. e4 e6 2. d4 d5 3. Nd2 c5 4. exd5 Qxd5 5. Ngf3 Nc6 6. Bc4 Qd8 7. Nb3 cxd4 8.
Nbxd4 Nxd4 9. Nxd4 Nf6 10. O-O Bc5 11. Be3 O-O 12. c3 a6 13. a4 e5 14. Nf3 Bxe3
15. fxe3 Bg4 16. Qxd8 Raxd8 17. Nxe5 Bh5 18. Nf3 Nd5 19. Rfe1 Nb6 20. Bb3 Rd6
21. Nd4 Nd7 22. e4 Ne5 23. Re3 Bg6 24. h3 Rfd8 25. Rf1 Rb6 26. Rf2 h6 27. Kh2
Rbd6 28. Kg3 Rc8 29. Nf5 Rd7 30. Bd5 Rcc7 31. Nh4 Bh7 32. Kh2 Nc4 33. Rg3 Nb6
34. Nf5 Bxf5 35. Rxf5 Nxa4 36. Rh5 Kh7 37. Rf5 Nxb2 38. Rgf3 Kg8 39. g4 Nc4 40.
g5 g6 41. Rf6 Ne5 42. Rg3 hxg5 43. Rxg5 Kg7 44. Rff5 Nc6 45. h4 f6 46. Rg3 Ne7
47. Rf2 Nxd5 48. exd5 Rxd5 49. Rgf3 Rf7 50. c4 Rd4 51. Rc3 Rxh4+ 0-1

[Event "12. Lichtenberger Sommer"]
[Site "Berlin"]
[Date "2013.08.23"]
[Round "7.96"]
[White "Ziegel, Mandy Marie"]
[Black "Alvarez, Luis"]
[Result "0-1"]
[WhiteElo "1548"]
[BlackElo "1902"]
[PlyCount "54"]
[EventDate "2013.??.??"]
[WhiteTeam "Schachclub Oranienburg e.V."]
[BlackTeam "Schachclub Zug um Zug Everswinke"]

1. d4 d5 2. c4 e6 3. Nc3 Nf6 4. Bg5 Be7 5. e3 c6 6. Nf3 Nbd7 7. Rb1 a5 8. a3
O-O 9. b4 dxc4 10. Bxc4 b5 11. Be2 axb4 12. axb4 h6 13. Bf4 Nd5 14. Qc2 Bxb4
15. Rxb4 Nxb4 16. Qe4 Ra1+ 17. Nd1 Nf6 18. Qe5 Nc2+ 19. Kf1 Nd5 20. g3 Nc3 21.
Kg2 Nxe2 22. Qc5 Nxf4+ 23. gxf4 Ra2 24. Qxc6 Qd5 25. Qxd5 exd5 26. Nc3 Nxe3+
27. Kg3 Nf5+ 0-1

[Event "12. Lichtenberger Sommer"]
[Site "Berlin"]
[Date "2013.08.23"]
[Round "7.97"]
[White "Jansen, Robert"]
[Black "Nguyen, Phuong Thuy Anh"]
[Result "1-0"]
[WhiteElo "1771"]
[BlackElo "1436"]
[PlyCount "47"]
[EventDate "2013.??.??"]
[WhiteTeam "SC Kreuzberg e.V."]
[BlackTeam "Schachunion Berlin e.V."]

1. d4 Nf6 2. c4 e6 3. Nc3 Bb4 4. Nf3 Nc6 5. e3 d5 6. Bd3 O-O 7. O-O b6 8. cxd5
exd5 9. Qc2 Ne7 10. a3 Bxc3 11. bxc3 Ng6 12. Ne5 Nd7 13. f4 c5 14. Nxd7 Bxd7
15. c4 dxc4 16. Be4 Rc8 17. f5 Ne7 18. f6 Ng6 19. fxg7 Kxg7 20. Bb2 cxd4 21.
Bxd4+ Kg8 22. Rad1 Qc7 23. Qf2 Be6 24. Qf6 1-0

[Event "12. Lichtenberger Sommer"]
[Site "Berlin"]
[Date "2013.08.23"]
[Round "7.98"]
[White "Schmole-Rostosky, Joachim"]
[Black "Schrodt, Horst"]
[Result "0-1"]
[WhiteElo "1245"]
[BlackElo "1753"]
[PlyCount "122"]
[EventDate "2013.??.??"]
[WhiteTeam "SF Schwarz-Weiß Merzhausen"]
[BlackTeam "SC Eintracht Berlin e.V."]

1. e4 c6 2. d3 d5 3. Nd2 dxe4 4. Nxe4 Nd7 5. Nf3 Ngf6 6. Ng3 e6 7. Be2 Be7 8.
O-O O-O 9. a3 b6 10. Bf4 Bb7 11. d4 Nd5 12. Bd2 Rc8 13. Bd3 c5 14. c3 cxd4 15.
cxd4 N7f6 16. Re1 Bd6 17. Ne4 Bf4 18. Bb4 Nxb4 19. axb4 Bb8 20. Qb1 h6 21.
Nxf6+ Qxf6 22. Ne5 Rcd8 23. Be4 Qe7 24. Bxb7 Qxb7 25. Rd1 Rd5 26. f4 Rfd8 27.
Qe4 b5 28. Rac1 a6 29. Nc6 R8d7 30. Nxb8 Qxb8 31. Rc5 Qd8 32. Qc2 Qf6 33. Rc8+
Rd8 34. Rxd8+ Rxd8 35. Qe4 Qe7 36. d5 Qd6 37. Qe5 exd5 38. Qxd6 Rxd6 39. Rd4 f5
40. h4 h5 41. b3 Kf7 42. Rd2 Ke6 43. Re2+ Kd7 44. Re5 g6 45. Kf2 d4 46. Ke2 d3+
47. Kd2 Rd4 48. g3 Kd6 49. Re3 Kd5 50. Rxd3 Ke4 51. Rxd4+ Kxd4 52. Kc2 Ke3 53.
Kc3 Kf3 54. Kd4 Kxg3 55. Kc5 Kxh4 56. Kb6 Kg3 57. Kxa6 h4 58. Kxb5 h3 59. Ka6
h2 60. b5 h1=Q 61. b6 Qb1 0-1

[Event "12. Lichtenberger Sommer"]
[Site "Berlin"]
[Date "2013.08.23"]
[Round "7.99"]
[White "Kurbel, Horst-Peter"]
[Black "Stemmler, Frank"]
[Result "1-0"]
[WhiteElo "1845"]
[BlackElo "1377"]
[PlyCount "89"]
[EventDate "2013.??.??"]
[WhiteTeam "FC Bayern München e.V."]
[BlackTeam "SG Eckturm"]

1. d4 d5 2. c4 Nf6 3. Nc3 e6 4. Bg5 h6 5. Bf4 Bd6 6. Bxd6 Qxd6 7. cxd5 Nxd5 8.
e4 Nf6 9. e5 Qb6 10. exf6 Qxb2 11. Rc1 gxf6 12. Bc4 Nc6 13. Nge2 Bd7 14. O-O a6
15. Rb1 Qa3 16. d5 Na5 17. dxe6 fxe6 18. Bb3 O-O-O 19. Qc2 Qe7 20. Rfc1 Rhg8
21. Nd5 Rxg2+ 22. Kxg2 Bc6 23. Kf1 exd5 24. Nd4 Qd7 25. Qf5 Qxf5 26. Nxf5 Bb5+
27. Kg1 Rg8+ 28. Kh1 Kb8 29. Rg1 Rd8 30. Ne7 d4 31. Rg8 Rxg8 32. Nxg8 f5 33.
Nxh6 c5 34. Bd5 d3 35. Nf7 Kc7 36. h4 c4 37. Ne5 c3 38. Nxd3 Bxd3 39. Rc1 c2
40. h5 f4 41. f3 Kd6 42. Be4 Bc4 43. Rxc2 Ke5 44. h6 Kf6 45. Rg2 1-0

[Event "12. Lichtenberger Sommer"]
[Site "Berlin"]
[Date "2013.08.23"]
[Round "7.100"]
[White "Wolff, Marie Antoinette"]
[Black "Zesewitz, Martin"]
[Result "1/2-1/2"]
[WhiteElo "1239"]
[BlackElo "1863"]
[PlyCount "170"]
[EventDate "2013.??.??"]
[WhiteTeam "Leegebrucher Schachfreunde"]
[BlackTeam "SF Friedrichshagen"]

1. c4 f5 2. Nc3 Nf6 3. Nf3 d6 4. d4 e6 5. Bg5 Be7 6. e3 O-O 7. Be2 b6 8. O-O
Bb7 9. b4 Nbd7 10. c5 dxc5 11. bxc5 bxc5 12. dxc5 Nxc5 13. Nb5 Nd5 14. Bxe7
Qxe7 15. Bc4 Nb6 16. Qe2 Rf6 17. Rac1 Kh8 18. Nbd4 e5 19. Nb3 Ne4 20. Na5 Bd5
21. Bxd5 Nxd5 22. Qc4 Rd6 23. Nc6 Qe8 24. Ncxe5 Nd2 25. Nxd2 Qxe5 26. Nf3 Qe7
27. Nd4 Nxe3 28. fxe3 Qxe3+ 29. Kh1 Rxd4 30. Qxc7 g6 31. Rfe1 Qf4 32. Qc6 Rad8
33. Qf6+ Kg8 34. Qe6+ Kh8 35. Rc8 Qd6 36. Rxd8+ Qxd8 37. h3 Rd1 38. Rxd1 Qxd1+
39. Kh2 Qd4 40. Qc8+ Kg7 41. Qc7+ Kh6 42. a3 f4 43. Qf7 Qe5 44. Qf8+ Kh5 45.
Kh1 Qe1+ 46. Kh2 Qe5 47. Qf7 f3+ 48. Kh1 Qe1+ 49. Kh2 f2 50. Qxh7+ Kg5 51. h4+
Kf5 52. Qf7+ Ke5 53. Qe7+ Kd5 54. Qd7+ Kc4 55. Qa4+ Kc3 56. Qb4+ Kd3 57. Qb5+
Kd2 58. Qb4+ Kc2 59. Qc4+ Kb1 60. Qd3+ Ka2 61. Qc2+ Ka1 62. Qd3 f1=Q 63. Qd4+
Ka2 64. Qd5+ Kxa3 65. Qc5+ Kb3 66. Qd5+ Qc4 67. Qb7+ Qeb4 68. Qf3+ Ka4 69. Qd1+
Kb5 70. Qd7+ Ka6 71. g3 Qb2+ 72. Kh3 Qf1+ 73. Kg4 Qf5+ 74. Qxf5 gxf5+ 75. Kxf5
Qf2+ 76. Kg4 Kb6 77. h5 Qf6 78. Kh3 Qg5 79. g4 Kc5 80. Kg3 Kd4 81. h6 Qxh6 82.
g5 Qxg5+ 83. Kh2 Ke3 84. Kh1 Kf2 85. Kh2 Qh5# 1/2-1/2

[Event "12. Lichtenberger Sommer"]
[Site "Berlin"]
[Date "2013.08.23"]
[Round "7.102"]
[White "Laurin, Dirk"]
[Black "Becker, Uwe"]
[Result "1-0"]
[WhiteElo "1647"]
[BlackElo "1808"]
[PlyCount "151"]
[EventDate "2013.??.??"]
[WhiteTeam "SG Narva Berlin e.V."]
[BlackTeam "SV Glück auf Rüdersdorf e.V."]

1. e4 d6 2. d4 Nf6 3. Bd3 g6 4. e5 dxe5 5. dxe5 Ng4 6. f4 c6 7. h3 Nh6 8. Nd2
Qa5 9. Ngf3 Bf5 10. O-O Qc5+ 11. Kh2 Bxd3 12. cxd3 Nf5 13. Nb3 Qb6 14. d4 e6
15. Qc2 Nd7 16. g4 Ne7 17. Nc5 Nxc5 18. dxc5 Qb5 19. Bd2 Nd5 20. Rac1 Qe2+ 21.
Kg3 Be7 22. Rf2 Qa6 23. a3 h5 24. g5 Rc8 25. Nh4 Rg8 26. Nf3 Bd8 27. Qc4 Qxc4
28. Rxc4 b5 29. Rc1 a5 30. b4 axb4 31. axb4 Ra8 32. Nd4 Kd7 33. Rff1 Ra3+ 34.
Nf3 Bc7 35. Kg2 Rga8 36. Nd4 R8a4 37. Nc2 Ra2 38. Rf2 Rb2 39. Kg3 Raa2 40. Be1
Rb3+ 41. Rf3 Rbb2 42. Rf2 Rb3+ 43. Rf3 Rab2 44. Bd2 Rb1 45. Rxb1 Rxb1 46. Rd3
Ke7 47. Nd4 Kd7 48. Nc2 Kc8 49. Kf3 Rb2 50. Nd4 Nxb4 51. Bxb4 Rxb4 52. Nxc6 Rc4
53. Na7+ Kb7 54. Nxb5 Rxc5 55. Nd6+ Bxd6 56. exd6 Kc8 57. Ke4 Kd7 58. Rd4 Ra5
59. h4 Ra1 60. Ke5 Ra5+ 61. Kf6 Rf5+ 62. Kg7 Rd5 63. Re4 Kxd6 64. Kxf7 Rf5+ 65.
Kxg6 Kd5 66. Ra4 Kd6 67. Kxh5 Ke7 68. Kg6 Rf8 69. Kh5 Rf5 70. Kg4 Rd5 71. h5
Rd1 72. h6 Rg1+ 73. Kh5 Kf7 74. Ra7+ Kg8 75. Kg6 Kf8 76. h7 1-0

[Event "12. Lichtenberger Sommer"]
[Site "Berlin"]
[Date "2013.08.23"]
[Round "7.103"]
[White "Gelman, Josef"]
[Black "Linden, Raimund"]
[Result "1/2-1/2"]
[WhiteElo "1570"]
[BlackElo "1740"]
[PlyCount "78"]
[EventDate "2013.??.??"]
[WhiteTeam "SC Weisse Dame e.V."]
[BlackTeam "SK Zehlendorf e.V."]

1. e4 e5 2. Nf3 Nc6 3. d4 exd4 4. Nxd4 d6 5. Nc3 Bd7 6. Bc4 Nf6 7. Bg5 Be7 8.
O-O O-O 9. Re1 h6 10. Bh4 Nh7 11. Nxc6 Bxc6 12. Bxe7 Qxe7 13. Nd5 Qd8 14. Qh5
Nf6 15. Nxf6+ Qxf6 16. e5 Qf4 17. Bd3 Rfe8 18. exd6 cxd6 19. Qf5 Qxf5 20. Bxf5
Kf8 21. Bd3 Re5 22. f4 Rxe1+ 23. Rxe1 Re8 24. Rxe8+ Bxe8 25. Kf2 Ke7 26. Ke3 d5
27. Kd4 Kd6 28. h4 f6 29. Bf5 b6 30. Bc8 Bc6 31. Bf5 a5 32. c3 b5 33. a3 a4 34.
g3 Be8 35. Bh3 Bc6 36. Bg4 Be8 37. Bf3 Bf7 38. Bg4 Be8 39. Bf3 Bf7 1/2-1/2